Statistics for Football Teams Playing in Sky Blue

Click here to take the quiz!

General Stats

  • This quiz has been taken 48 times
  • The average score is 10 of 15

Answer Stats

CountryDescriptionTeam% Correct
EnglandAfter a season in the third division in 1998-99, their continuous rise began, culminating in winning the Champions League in 2023.Manchester City
100%
FranceThe only French club to win the Champions League, they have won nine league titles but were also involved in a bribery scandal in the early 90s.Olympique de Marseille
84%
EnglandCurrently playing in the Championship, the club's 34 consecutive years in the top division was crowned with an FA Cup victory in 1987.Coventry City
79%
ItalyThey were victorious in the 1988-89 UEFA Cup, and in 2023, they won their first Serie A title after the Maradona era.S.S.C. Napoli
79%
ItalyThe last winners of the European Cup Winners' Cup, they have also won Serie A on two occasions, most recently in 2000 under Sven-Göran Eriksson.Lazio
76%
UEFAA 1–0 friendly win against Liechtenstein in 2004 remains this tiny European republic's national team's sole victory.San Marino
71%
CONMEBOLThey won two World Cups, including the first one ever, which they hosted.Uruguay
71%
CONMEBOLTraditionally playing in light blue and white striped shirts, they have won three World Cups, most recently in 2022.Argentina
68%
SwedenHaving won the most Swedish championship and cup titles, in 1979 they became the first Nordic team to reach the final of the European Cup which they lost to Nottingham Forest.Malmö FF
66%
USAThe 2021 MLS Cup was the club's first title; their sky blue colour might be connected to their association with the club from question #1.New York City FC
58%
GermanyThe 1960s were the "Lions'" golden era when they won a German championship and reached a European final before being perennially overshadowed by their city rivals.1860 Munich
50%
CAFAlso playing in their national colours of sky blue and white, this crisis-ridden East African country's national team never qualified for a major international tournement.Somalia
50%
SpainThe club from Galicia never won a major title, their greatest achievement being qualification for the 2003–04 UEFA Champions League.Celta de Vigo
47%
BrazilPlaying in sky blue, black and white, the club's honours include three Copas Libertadores and one Intercontinental Cup; coming from the southernmost Brazilian State, their city rivals are Internacional.Grêmio Porto Alegre
45%
CAFPlaying in light blue, white and black kits reflecting the colours of their national flag, the team never managed to qualify for the World Cup and only once for the Africa Cup of Nations in 2012.Botswana
37%

Score Distribution

Percentile by Number Answered

Percent of People with Each Score

Your Score History

You have not taken this quiz